| 000 | 00901nam a22003377a 4500 | ||
|---|---|---|---|
| 001 | BR2010001428 | ||
| 003 | BR-BrBNA | ||
| 005 | 20230928103226.0 | ||
| 007 | ta | ||
| 008 | 230509b bl.||||| |||| 00| 0 por d | ||
| 040 |
_aBR-BrBNA _bpor _cBiblioteca Nacional de Agricultura |
||
| 041 | _a(Por) | ||
| 072 |
_aQ02 _b9921 |
||
| 090 | _ 9921 BR2010001428 | ||
| 100 | 1 | _aRizzon, L.A. | |
| 100 | 1 | _aDall'Agnol, I. | |
| 110 | 1 | _aEMBRAPA Uva e Vinho, Bento Gonçalves, RS (Brasil) | |
| 245 | 1 | _aVinho branco | |
| 260 | 3 |
_aBrasília, DF (Brasil): _bEMBRAPA Informação Tecnológica, _c2009. |
|
| 300 | _a46 p. | ||
| 500 | _a7 illus. | ||
| 650 | _aVINHO | ||
| 650 | _aBEBIDA ALCOÓLICA | ||
| 650 | _aFERMENTAÇÃO | ||
| 650 | _aMACERAÇÃO | ||
| 650 | _aENGARRAFAMENTO | ||
| 650 | _aTECNOLOGIA DE ALIMENTO | ||
| 650 | _aMOSTO | ||
| 909 |
_a202309 _bLucia _c55 _dLucia Elande |
||
| 942 | _cBK | ||
| 999 |
_c74206 _d74206 |
||